Az influencerek hatalma Az Instagram szerepe a szépségipari vásárlási döntésekben a fiatal felnőttek körében
| Main Author: | |
|---|---|
| Other Authors: | |
| Format: | Thesis |
| Kulcsszavak: | fiatal felnőttek influencer marketing szépségipar |
| Online Access: | http://dolgozattar.uni-bge.hu/59750 |
MARC
| LEADER | 00000nta a2200000 i 4500 | ||
|---|---|---|---|
| 001 | dolg59750 | ||
| 005 | 20260409145520.0 | ||
| 008 | 260409suuuu hu om 000 hun d | ||
| 040 | |a BGE Dolgozattár Repozitórium |b hun | ||
| 041 | |a hu | ||
| 100 | 1 | |a Sztojanov Fanni | |
| 245 | 1 | 3 | |a Az influencerek hatalma |b Az Instagram szerepe a szépségipari vásárlási döntésekben a fiatal felnőttek körében |c Sztojanov Fanni |h [elektronikus dokumentum] |
| 520 | 3 | |a Szakdolgozatomban az influencer marketing szépségiparra gyakorolt hatását vizsgálom, különös tekintettel arra, hogy az Instagramon aktív influencerek milyen módon befolyásolják a fiatal felnőttek vásárlási döntéseit. Az elméleti háttér bemutatja az influencer marketing kialakulását, típusait, valamint az Instagram szerepét, mint a vizuális tartalmak elsődleges platformját. Kutatásom kvantitatív módszertanon alapul, melynek során 151 fő bevonásával kérdőíves adatfelvételt végeztem. Az eredmények alapján az influencerek hitelessége, követőtáboruk mérete, valamint a szponzorált tartalmak átláthatósága kulcsszerepet játszik a fogyasztói bizalom és vásárlási szándék kialakulásában. A dolgozat célja, hogy gyakorlati támpontokat nyújtson a szépségipari márkáknak az eredményes influencer együttműködések kialakításához, valamint betekintést adjon a fiatal generáció online fogyasztási szokásaiba. | |
| 695 | |a fiatal felnőttek | ||
| 695 | |a influencer | ||
| 695 | |a Instagram | ||
| 695 | |a marketing | ||
| 695 | |a szépségipar | ||
| 700 | 1 | |a Taralik Krisztina |e ths | |
| 856 | 4 | 0 | |u http://dolgozattar.uni-bge.hu/59750/1/Sztojanov%20Fanni_XBNPEG_Szakdolgozat.pdf |z Dokumentum-elérés |
| 856 | 4 | 0 | |u http://dolgozattar.uni-bge.hu/59750/2/Sztojanov%20Fanni.pdf |z Dokumentum-elérés |
| 856 | 4 | 0 | |u http://dolgozattar.uni-bge.hu/59750/3/Sztojanov%20Fanni%20BA%20KM%20magyar%20b%C3%ADr%C3%A1lati%20lap%20BELS%C5%90.pdf |z Dokumentum-elérés |